000 01328nam0a2200301 4500
001 RU\NLR\bibl\108484
005 20250617090839.0
010 _a5-8426-0221-0
_91000
021 _aRU
_b2000-17737
_9846
035 _a(NLR Aleph) 000106175
090 _a601137
_c601137
100 _a20000915d1999 |||y0rusy50 ca
101 0 _arus
102 _aRU
105 _aa |||||||||
200 1 _aБеседка муз
_e[Произведения писателей и поэтов Ульяновска и Сызрани
_fСост. С. Матлина]
210 _aУльяновск
_cСимбир. кн.
_d1999
215 _a318,[1] с.
_cпортр.
_d20
327 0 _aСодерж.: Авт.: Полотнянко Николай, Полежаев Александр, Кувшинникова Елена, Чесноков Анатолий, Матлина Светлана, Малахов Виктор, Ртищева Людмила, Лайков Александр, Андрюхин Александр, Каримов Рахимджан и др.
686 _aШ6(2=Р)75-999
702 1 _aМатлина
_bС.
_gСветлана
_4220
801 0 _aRU
_bNLR
_c20000915
_gPSBO
801 1 _aRU
_bNLR
_c20000915
852 _aNLR
_j2000-3/9481
942 _cBOOK
980 _aNB